00801nam a2200241Ia 4500003000400000005001700004008004100021020001800062040001800080041000800098082001700106100002800123245004900151250001200200260005600212300002600268650003600294650003000330650003900360942001200399999001900411952012900430OSt20260128134732.0210716s2018 xx 000 0 und d a9788122420111 cAIMIT LIBRARY aeng a658.4 bKONV aKondalkar, V G.9252976 aOrganizational behaviour /cBy VG Kondalkar  a1st ed. aNew Delhi :bNew Age International Pvt Ltd ,c2018. axvi,354p. ;bPBc24cm aOrganisational Behavior9252977 aManagement Change9252978 aDynamics of communication.9252979 2ddccBK c197359d197359 001040708MCAaAIMITbAIMITeKnowledge Worldg375.00l0o658.4 KONVpMCA16883r2025-07-21 00:00:00v281.25w2021-07-16yBK